| 000 | 00937nam a2200265Ia 4500 | ||
|---|---|---|---|
| 003 | OSt | ||
| 005 | 20220923211633.0 | ||
| 006 | a|||||r|||| 00| 0 | ||
| 007 | ta | ||
| 008 | 220922b |||||||| |||| 00| 0 hin d | ||
| 024 | _a35,914 | ||
| 037 | _cTextual | ||
| 040 |
_aARTS _cARTS _bhin |
||
| 041 |
_2hin _ahin |
||
| 082 | _aQ125:4x1,1, 152L2;N1 | ||
| 100 |
_aबौधायन; पाण्डेय, उमेशचन्द्र, व्याख् _9161161 |
||
| 245 | 0 | _aबौधायन धर्मसूत्रम् | |
| 246 | _aBaudhāyan dharmasūtram | ||
| 250 | _a2nd | ||
| 260 |
_aवाराणसी _b चौखम्बा संस्थान _c1991 |
||
| 300 |
_a427पृ. _ccm. |
||
| 650 | _aधर्म | ||
| 942 |
_hQ125:4x1,1, 152L2;N1 _cTEXL _2CC |
||
| 999 |
_c301862 _d301862 |
||